Imaginary Muslims (Record no. 6347)

MARC details
000 -LEADER
fixed length control field 00685nam a2200253 a 4500
020 ## - INTERNATIONAL STANDARD BOOK NUMBER
ISBN 0814761
082 00 - DEWEY DECIMAL CLASSIFICATION NUMBER
Classification number 297.4
Author Cutter BAL
100 ## - MAIN ENTRY--AUTHOR NAME
Author name Baldick, Julian
245 ## - TITLE STATEMENT
Title Imaginary Muslims
Sub title the Uwaysi Sufis of Central Asia
260 ## - PUBLICATION, DISTRIBUTION, ETC. (IMPRINT)
Place of publication Minnesota
Name of publisher New York University Press New York
Year of publication 1993
300 ## - PHYSICAL DESCRIPTION
Number of Pages 266p
500 ## - GENERAL NOTE
General note includes index and biblioraphy
505 2# - FORMATTED CONTENTS NOTE
Formatted contents note Bibliography, Index, Plates
650 ## - SUBJECT ADDED ENTRY--TOPICAL TERM
Topical Term Sufism-Ahmed Uzgani
650 ## - SUBJECT ADDED ENTRY--TOPICAL TERM
Topical Term Ahmed Uzgani
942 ## - ADDED ENTRY ELEMENTS (KOHA)
Koha item type Books
700 1# -
-- Baldick, Julian
Holdings
Collection code Home library Current library Date acquired Cost, normal purchase price Full call number Accession Number Koha item type
  Henry Martyn Institute Library Henry Martyn Institute Library 08/09/2007 100.00 297.4 BAL 014971 Books
                   Copyright © 2026 | Henry Martyn Institute | Hyderabad | TS-500052 | INDIA | Implemented by hmi.edu.in
Hit-Count:

Powered by Koha